000 00775nam a2200277Ia 4500
003 OSt
005 20221006160326.0
006 a|||||r|||| 00| 0
007 ta
008 221006b |||||||| |||| 00| 0 eng d
020 _a9788190594332
_c1,120.00
024 _a44,954
037 _bGift,
_cTextual
040 _aEASL
_cEASL
_beng
041 _2eng
_aeng
082 _aV41:19231.N, P9
100 _aThampi Madhavi
_9530685
245 0 _aChina and the making of Bombay
260 _aMumbai
_bThe K R Cama Oriental Institute
_c2009
300 _a176p.
_ccm.
490 _v CEL
650 _aCEL
700 _a Saksena Shalini
_9390899
942 _hV41:19231.N, P9
_cTEXL
_2CC
999 _c1113046
_d1113046